Statistics for Countries by EEZ to internal area ratio

Click here to take the quiz!

General Stats

  • This quiz has been taken 354 times
  • The average score is 25 of 30

Answer Stats

RankRatioAnswer% Correct
129000Tuvalu
91%
54300Federated States of Micronesia
90%
44700Kiribati
90%
311000Marshall Islands
89%
215000Nauru
89%
2155Solomon Islands
89%
2070Fiji
88%
2638Saint Kitts and Nevis
88%
2729Saint Lucia
88%
1793Saint Vincent and the Grenadines
88%
9880Tonga
88%
2445Samoa
87%
72900Seychelles
87%
81300Palau
86%
63100Maldives
85%
13200Cape Verde
83%
1972Comoros
83%
10630Mauritius
83%
2254Vanuatu
83%
11430Barbados
82%
12250Antigua and Barbuda
81%
2539Dominica
81%
1880Grenada
81%
16140São Tomé and Príncipe
80%
14170Malta
79%
2347Bahamas
78%
2828United Kingdom
75%
2923Jamaica
74%
15140Monaco
54%
3019Portugal
49%

Score Distribution

Percentile by Number Answered

Percent of People with Each Score

Your Score History

You have not taken this quiz